[Event "7.EM Frauen"]
[Site "Kusadasi TUR"]
[Date "2006.04.14"]
[Round "10"]
[White "Zawadzka, J."]
[Black "Atalik, E."]
[Result "0-1"]
[WhiteElo "2378"]
[BlackElo "2399"]
[PlyCount "56"]
[EventDate "2006.04.04"]
[EventType "swiss"]
[EventRounds "11"]
[EventCountry "TUR"]

1. e4 e5 2. Nf3 Nc6 3. d4 {C45: Schottische Partie} exd4 4. Nxd4 Bb4+ 5. c3 Bc5
6. Be3 (6. Nxc6 bxc6 7. Bd3 Qh4 8. Qe2 Nf6 9. h3 O-O 10. g3 Qh5 11. g4 Qe5 12.
g5 Nxe4 13. Bxe4 Re8 14. Bf3 Qxe2+ 15. Bxe2 Ba6 16. c4 Bxc4 17. Nc3 Rab8 18.
Kf1 Be6 19. b3 f6 20. gxf6 Bd4 {Kasparov,G-Leko,P/Tilburg 1997/1-0}) 6... Bb6
7. g3 $146 (7. Nxc6 bxc6 8. Bd4 Nf6 9. e5 Nd5 10. Bc4 O-O 11. O-O d6 12. a4 Be6
13. a5 Bxd4 14. Qxd4 Qg5 15. Re1 Nf4 16. g3 Nh3+ 17. Kg2 c5 18. Qe3 Bxc4 19.
Kxh3 Qh5+ 20. Kg2 Bd5+ 21. Kg1 Rae8 {
Sutovsky,E-Onischuk,A/Polanica Zdroj 1999/0-1}) (7. Qg4 Qf6 8. Qg3 Nxd4 9. cxd4
Bxd4 10. Bxd4 Qxd4 11. Nc3 Ne7 12. Qxc7 O-O 13. Rd1 Qb4 14. Rd2 Ng6 15. Be2 f5
16. Bc4+ Kh8 17. Nd5 Qa4 18. exf5 Rxf5 19. O-O Qc6 20. Bb3 Qxc7 21. Nxc7 Rb8 {
Kasparov,G-Unzicker,W/Zürich 2001/1-0}) (7. Nf5 Bxe3 8. Nxe3 Nf6 9. Nd2 O-O 10.
Bd3 Ne5 11. Bc2 d5 12. exd5 Neg4 13. Ne4 Nxe4 14. Nxg4 Bxg4 15. Qxg4 Nf6 16.
Qf3 Qe8+ 17. Kd2 Qb5 18. a4 Qc4 19. Rad1 Rad8 20. Kc1 Qa2 21. Rd4 c5 {
Berelovich,A-Miles,A/Cappelle la Grande 1999/1/2-1/2}) 7... Nf6 8. Bg2 d5 9.
Nxc6 bxc6 10. Bxb6 axb6 11. e5 Nd7 12. O-O O-O (12... Nxe5 $143 13. Re1 Qe7 14.
f4 $18) 13. Re1 Ba6 14. Na3 Re8 15. f4 f6 16. e6 Nc5 17. c4 dxc4 (17... Nxe6
$142 $5 18. cxd5 Nc5 $11) 18. e7 $1 $16 Qxd1 (18... Rxe7 {Eine Ablenkung} 19.
Qxd8+ {Motiv: Doppelangriff}) 19. Raxd1 Nd3 20. Bxc6 Nxe1 21. Bxa8 (21. Rxe1
$142 $5 Rab8 22. Bd5+ Kh8 23. Bf7 $16) 21... Rxe7 $11 22. Rd8+ Kf7 23. Bd5+ Kg6
24. Nxc4 (24. Bxc4 Bxc4 25. Nxc4 Re4 $11) 24... Nc2 (24... Nd3 25. b3 $15) 25.
Ra8 (25. Kf2 $5 $11) 25... Nb4 $17 26. Bg8 $4 (26. b3 $142 $17) 26... Re1+ $19
27. Kf2 (27. Kg2 Bb7+ 28. Kh3 Bxa8 29. a4 $19) 27... Nd3+ 28. Kf3 Bb7+ (28...
Bb7+ 29. Kg4 Nf2+ 30. Kh4 Kh6 31. Ra5 bxa5 32. g4 g5+ 33. Kg3 Nh1+ 34. Kh3 Rg1
35. fxg5+ fxg5 36. Nxa5 Bg2#) 0-1

[Event "US-Meisterschaft"]
[Site "San Diego"]
[Date "2006.03.02"]
[Round "1"]
[White "Nakamura, Hikaru"]
[Black "Friedel, Joshua"]
[Result "0-1"]
[WhiteElo "2644"]
[BlackElo "2455"]
[PlyCount "96"]
[EventDate "2006.03.02"]
[EventType "swiss"]
[EventRounds "9"]
[EventCountry "USA"]
[WhiteTeamCountry "RUS"]
[BlackTeamCountry "CHN"]

1. Nf3 d5 2. c4 c6 {A11: Reti-Eröffnung} 3. e3 e6 (3... Bg4 4. Qb3 Qc7 5. cxd5
cxd5 6. Nc3 Bxf3 7. gxf3 e6 8. d4 Nc6 9. Bd2 Nf6 10. Rc1 Be7 11. Bd3 O-O 12.
Ne2 Qd7 13. Bc3 Bd6 14. f4 a6 15. Ng1 Ne4 16. Bxe4 dxe4 17. f3 exf3 18. Nxf3 {
Gurevich,M-Peralta,F/Andorra  2005/1/2-1/2}) 4. Qc2 Bd6 5. Nc3 $146 (5. b3 f5
6. Bb2 Nf6 7. Be2 O-O 8. O-O Nbd7 9. Nd4 Qe7 10. cxd5 Nxd5 11. Nc3 N7f6 12.
Nxd5 exd5 13. f4 Bd7 14. Rad1 Ne4 15. Nf3 a5 16. Ne5 a4 17. bxa4 Nc5 18. Bd4
Nxa4 19. Rb1 Be6 {Gurevich,M-Christenson,F/Cappelle la Grande 2000/1-0 (34)})
5... f5 6. h3 Nf6 7. g4 O-O 8. gxf5 exf5 9. b3 Qe7 10. Bb2 Na6 11. Rg1 Bd7 (
11... Nb4 $5 12. Qd1 dxc4 13. Bxc4+ Be6 $15) 12. cxd5 $14 Nb4 (12... cxd5 $2
13. Bxa6 bxa6 14. Nxd5 Nxd5 15. Qc4 $18) 13. Qb1 cxd5 (13... Nbxd5 $5 14. Bc4
Kh8 15. Bxd5 cxd5 16. Nxd5 Nxd5 17. Bxg7+ Qxg7 18. Rxg7 Kxg7 $14) 14. a3 $16
Nc6 15. Nxd5 Nxd5 16. Bc4 Be6 17. Rxg7+ Qxg7 18. Bxg7 Kxg7 19. Qb2+ Rf6 (19...
Kh6 20. h4 Be7 21. Ke2 $16) 20. O-O-O (20. Ke2 Raf8 21. Nd4 Be5 22. Nxe6+ Rxe6
23. Rg1+ Kh8 $18) 20... h6 (20... Be7 21. Nd4 Nxd4 22. Qxd4 $16) 21. d3 (21.
Nd4 $5 Nxd4 22. Qxd4 Bxa3+ 23. Kc2 $16) 21... Kf7 $16 22. e4 fxe4 23. dxe4 Rxf3
24. exd5 (24. Bxd5 $143 Rd8 25. Qe2 Ne5 $15) 24... Bf4+ 25. Kb1 Bf5+ 26. Ka2
Ne5 27. d6+ Kg6 28. Be2 (28. h4 Ng4 29. Rg1 $11) 28... Rxh3 $14 (28... Rxf2 $4
29. Bh5+ Kxh5 30. Qxf2 $18) 29. Qd4 Rf8 30. Bb5 {Weiß bereitet d7 vor} (30.
Qxf4 $4 Bb1+ 31. Kxb1 Rxf4 $19) (30. Qxa7 Rc8 31. Bc4 Nxc4 $17) 30... Be6 31.
Qe4+ Kh5 32. Be2+ Kh4 $2 (32... Kg5 $142 33. Bc4 Bg4 $16) 33. d7 $1 $18 Bxd7 (
33... Nxd7 34. Qxe6) 34. Rxd7 Nxd7 35. Qe7+ $4 (35. Qe6 $142 h5 36. Qxd7 $18)
35... Bg5 $17 36. Qxd7 Rf4 37. f3 Rh2 38. Qd3 Kg3 39. b4 Rf2 40. Kb1 Kg2 41.
Bd1 $2 (41. b5 Bh4 42. Bd1 Bg3 $19) 41... Bh4 (41... b5 $142 42. Qd5 Kg1 43.
Qxb5 Rd4 $19) 42. Qg6+ (42. Qd5 $5 Bf6 43. Bc2 $17) 42... Bg3 $19 43. Bc2 (43.
Qxh6 $2 Rd4 44. Bc2 Rdd2 $19) 43... h5 44. Qxh5 Rc4 45. Be4 Rd4 46. f4+ (46.
Ka1 Rd1+ 47. Bb1 $19) 46... Rxe4 47. Qd5 Rfe2 48. Qxb7 (48. f5 Kf2 49. f6 Be5
$19) 48... Kg1 (48... Kg1 49. Qg7 Rg2 $19) 0-1

[Event "XXIII SuperGM"]
[Site "Morelia/Linares MEX/ESP"]
[Date "2006.02.22"]
[Round "4"]
[White "Topalov, V."]
[Black "Radjabov, T."]
[Result "0-1"]
[WhiteElo "2801"]
[BlackElo "2700"]
[PlyCount "74"]
[EventDate "2006.02.18"]
[EventType "tourn"]
[EventRounds "14"]
[EventCategory "20"]
[WhiteTeamCountry "RUS"]
[BlackTeamCountry "CHN"]

1. d4 Nf6 2. c4 g6 3. Nc3 Bg7 4. e4 d6 {
E70: Königsindisch (Weiß spielt früh e2-e4)} 5. Bd3 O-O 6. Nge2 c5 7. d5 e6 8.
h3 exd5 9. exd5 Nfd7 $146 (9... Nbd7 10. f4 Nh5 11. O-O f5 12. Bd2 Ndf6 13. Qc2
Bd7 14. a3 a6 15. b4 cxb4 16. axb4 b5 17. Be3 Re8 18. Bd4 bxc4 19. Bxc4 Ne4 20.
Qd3 Qb8 21. Rab1 Nxc3 22. Qxc3 Re4 23. Bxg7 Nxg7 24. Bd3 {
Malakhov,V-Dyachkov,S/Moskau 2006/1-0 (37)}) 10. f4 (10. O-O Ne5 $14) 10... f5
11. O-O Na6 12. Be3 Nc7 13. Qd2 Re8 14. Bf2 Nf6 15. a3 a5 16. Bh4 Bd7 17. Kh1
Qe7 18. Rae1 Qf7 19. a4 Na6 20. g4 (20. Kh2 Nb4 $11) 20... Nb4 $15 21. Bb1 fxg4
22. f5 Bxf5 (22... gxh3 $143 23. fxg6 hxg6 24. Rf2 $16) 23. Bxf5 gxf5 24. Rxf5
Qg6 (24... gxh3 $4 25. Rg1 Re5 26. Rxf6 $18) 25. Ref1 Rf8 (25... gxh3 $2 26.
Ng3 Rf8 27. Rg5 $18) 26. Ng3 Nh5 (26... gxh3 $4 27. Rg5 Qc2 28. Qxc2 Nxc2 29.
Nf5 $18) 27. Nce4 (27. Rxf8+ $142 $5 Rxf8 28. Rxf8+ Bxf8 29. Nxh5 Qxh5 30. Qe1
$11) 27... Nxg3+ 28. Nxg3 gxh3 29. b3 Rae8 30. Kh2 Rxf5 (30... Be5 31. Kxh3
Bxg3 32. Rg5 Rxf1 33. Rxg6+ hxg6 34. Kxg3 $15) 31. Rxf5 (31. Nxf5 Qg4 32. Rf2
Be5+ 33. Bg3 Bxg3+ 34. Nxg3 Qg6 $11) 31... Re5 (31... h6 $5 $17) 32. Qg5 $15
Qxg5 33. Bxg5 Nc2 34. Bd8 $2 (34. Bd2 $142 $17) 34... Nd4 35. Rf4 $2 (35. Rxe5
Bxe5 36. Kxh3 $19) 35... Re3 36. Rg4 Kf7 37. Re4 (37. Rf4+ Ke8 38. Bf6 Bxf6 39.
Rxf6 Rxb3 $19) 37... Rxb3 (37... Rxb3 38. Rf4+ Ke8 $19) 0-1

[Event "Corus"]
[Site "Wijk aan Zee "]
[Date "2006.01.30"]
[Round "10"]
[White "Topalov, V."]
[Black "Aronian, L."]
[Result "1-0"]
[WhiteElo "2801"]
[BlackElo "2752"]
[PlyCount "87"]
[EventDate "2006.01.14"]
[EventType "tourn"]
[EventRounds "13"]
[EventCountry "NED"]
[EventCategory "19"]
[WhiteTeamCountry "RUS"]
[BlackTeamCountry "CHN"]

1. d4 Nf6 2. c4 e6 3. Nf3 b6 {E15: Damenindisch} 4. g3 Ba6 5. b3 Bb4+ 6. Bd2
Be7 7. Bg2 c6 8. Bc3 d5 9. Ne5 Nfd7 10. Nxd7 Nxd7 11. Nd2 O-O 12. O-O Nf6 13.
e4 b5 14. exd5 exd5 15. Re1 Rb8 16. c5 Bc8 17. Nf3 Ne4 18. Rxe4 $146 (18. Ne5
Nxc3 19. Qc2 Qc7 20. Qxc3 Bf6 (20... Re8 21. a4 b4 22. Qf3 Bf8 23. Re3 f6 24.
Nd3 Rxe3 25. fxe3 a5 26. e4 Be6 27. Qf4 Qd8 28. e5 Rb7 29. exf6 Qxf6 30. Qxf6 {
1/2-1/2 Kramnik,V-Leko,P/Dortmund 2004}) 21. Re3 b4 22. Qd2 Re8 23. Rae1 Bxe5
24. Rxe5 Rxe5 25. Rxe5 f6 26. Re3 Bf5 27. Qe2 Kf8 28. h4 a5 29. Bf3 Qd7 30. g4
Bg6 31. h5 Bf7 32. Qa6 Be6 {Bologan,V-Sadvakasov,D/Sochi 2005/0-1}) 18... dxe4
19. Ne5 Qd5 20. Qe1 Bf5 21. g4 (21. f3 $142 $5 e3 22. Qxe3 $14) 21... Bg6 $15
22. f3 b4 23. fxe4 Qe6 24. Bb2 (24. Bxb4 $143 Bf6 25. Nxc6 Qxc6 $17) 24... Bf6
25. Nxc6 Qxc6 26. e5 Qa6 27. exf6 Rfe8 28. Qf1 Qe2 29. Qf2 (29. Qxe2 Rxe2 30.
Bc1 gxf6 31. d5 $14) 29... Qxg4 $14 30. h3 Qg5 31. Bc1 Qh5 32. Bf4 Rbd8 33. c6
Be4 (33... gxf6 $2 34. c7 Rc8 35. d5 $18) 34. c7 Rc8 35. Re1 Qg6 $4 (35... Bxg2
$142 36. Rxe8+ Rxe8 37. Qxg2 g6 $18) 36. Rxe4 $18 Rxe4 (36... Qxe4 37. Bxe4)
37. d5 Rce8 (37... Ree8 38. d6 Qb1+ (38... gxf6 $4 39. d7 $18) 39. Kh2 g6 $18)
38. d6 Re1+ (38... Rc8 39. d7 Ree8 40. Qe3 $18) 39. Kh2 Qf5 40. Qg3 g6 41. Qg5
Qxg5 42. Bxg5 Rd1 43. Bc6 Re2+ (43... Rc8 44. Bf4 h5 $18) 44. Kg3 (44. Kg3 Rd3+
45. Kf4 Rd4+ 46. Kf3 Re8 47. Bxe8 h6 48. d7 Rd3+ 49. Ke4 Rd1 50. d8=Q Kh7 51.
Bxf7 Re1+ 52. Be3 Rxe3+ 53. Kxe3 h5 54. Qg8+ Kh6 55. Qxg6#) 1-0

[Event "Corus "]
[Site "Wijk aan Zee"]
[Date "2006.01.29"]
[Round "13"]
[White "Anand, Vishwanatan"]
[Black "Gelfand, Boris"]
[Result "1-0"]
[WhiteElo "2792"]
[BlackElo "2723"]
[PlyCount "131"]
[EventDate "2006.??.??"]
[WhiteTeamCountry "RUS"]
[BlackTeamCountry "CHN"]

1. e4 c5 2. Nf3 d6 3. d4 cxd4 4. Nxd4 Nf6 5. Nc3 a6 {
B90: Sizilianisch (Najdorf-Variante, Abweichungen)} 6. f3 e5 7. Nb3 Be6 8. Be3
Nbd7 9. Qd2 b5 10. O-O-O Nb6 11. Qf2 Nc4 12. Bxc4 bxc4 13. Na5 Qd7 (13... Rc8
14. Bb6 Qd7 15. g3 g6 16. Rd2 Bh6 17. f4 Ng4 18. Qf3 Rb8 19. h3 Nf6 20. Bc5
exf4 21. gxf4 Rc8 22. Bxd6 Qd8 23. Bb4 Qb6 24. a3 Nh5 25. Kb1 Bxf4 26. Nd5 Bxd5
27. Rxd5 Bb8 28. Rhd1 {Anand,V-Kasimdzhanov,R/San Luis 2005/1-0}) 14. Rd2 $146
(14. g4 Be7 15. g5 Nh5 16. Nd5 Qa4 17. Nc3 Qd7 18. Nd5 Qa4 19. Qe1 c3 20. Qxc3
Rc8 21. Qd2 Qxa2 22. Qb4 Bxd5 23. exd5 O-O 24. Nc6 Bd8 25. c3 Nf4 26. Bxf4 exf4
27. Rhe1 Bxg5 28. Qxd6 Qa1+ {Cheparinov,I-Lahno,K/Wijk aan Zee  2006/1-0}) (14.
Bb6 $142 $5 $14) 14... Be7 $15 15. Rhd1 Rb8 16. Bc5 {
Der rückständige Bauer d6 wird weiter ins Visier genommen} Qc7 17. Rxd6 Qxa5 (
17... Bxd6 $4 18. Bxd6 Qxa5 19. Qa7 $18) 18. Rxe6 fxe6 19. Bxe7 Rb7 (19... Kxe7
$4 20. Qa7+ Kf8 21. Qxb8+ Ne8 22. Rd8 $18) 20. Bd6 Nd7 21. Qh4 (21. Qe2 Kf7 22.
Qxc4 Qb6 $16) 21... Qd8 22. Qh5+ {Übt Druck auf den Isolani e5 aus} g6 23. Qh6
Qf6 24. Ne2 Kf7 25. h4 g5 26. hxg5 Qxh6 27. gxh6 Rg8 28. g4 Rg6 29. Rh1 Rb6 30.
Ba3 Rf6 31. Rh3 Kg6 32. Kd2 Rf7 33. Ke3 Nf6 34. Nc3 Rd7 35. Rh1 Rc6 36. Na4 Rb7
37. Nc3 Rb8 38. Nd1 Ng8 (38... a5 $5 $16) 39. Rh5 Nxh6 40. Rxe5 Nf7 41. Rh5 Rb5
42. Rh1 e5 43. Nc3 Rb7 44. Nd5 Re6 45. Bb4 Kg7 46. Rh2 Ng5 47. Bc3 Kg8 48. Rf2
Rf7 49. Rf1 Re8 50. Ke2 Ref8 51. Bxe5 Nxe4 52. Ke3 (52. fxe4 {
Nutzt die Fesselung aus} Rxf1) 52... Nc5 53. f4 Re8 54. Kd4 Nd7 55. Re1 Re6 (
55... Rg7 56. g5 Kf7 57. b3 $18) 56. Re2 (56. Kxc4 Nxe5+ 57. fxe5 Rf2 $18)
56... Nxe5 57. fxe5 Rg7 58. Nf6+ Kf7 59. Kxc4 Rg5 60. Kd4 Rb6 61. c4 Ke6 62. b3
Rb8 63. Re4 h6 64. Nd5 Rbg8 (64... Rd8 65. b4 $18) 65. Nf4+ Ke7 66. e6 (66. e6
Rc8 67. Nd5+ Ke8 68. b4 $18) 1-0

[Event "Corus "]
[Site "Wijk aan Zee"]
[Date "2006.01.18"]
[Round "4"]
[White "Van Wely, Loek"]
[Black "Topalov, Veselin"]
[Result "0-1"]
[WhiteElo "2647"]
[BlackElo "2801"]
[PlyCount "86"]
[EventDate "2006.??.??"]
[WhiteTeamCountry "RUS"]
[BlackTeamCountry "CHN"]

1. d4 d5 2. c4 c6 3. Nf3 Nf6 4. Nc3 {D15: Damengambit- Slawische Verteidigung}
a6 5. a4 e6 6. Bg5 h6 (6... a5 7. e3 Be7 8. Be2 (8. Bd3 Na6 9. Rc1 Nb4 10. Be2
O-O 11. O-O b6 12. Qb3 Bb7 13. Rfd1 Rc8 14. h3 c5 15. Ne5 cxd4 16. Rxd4 Nd7 17.
Bxe7 Qxe7 18. Nxd7 Qxd7 19. Rdd1 Qe8 20. cxd5 Nxd5 21. Nxd5 Bxd5 22. Bc4 Rxc4 {
Schenk,A-Dautov,R/Mulhouse 2005/1/2-1/2}) 8... Na6 9. O-O O-O 10. Qb3 Nb4 11.
Rac1 b6 12. cxd5 Nfxd5 13. Bf4 Nxf4 14. exf4 Bd6 15. g3 Bb7 16. Bc4 c5 17. d5
Bxf4 18. Rcd1 b5 19. axb5 Bd6 20. Rd2 a4 21. Qd1 {
Nielsen,P-Bacrot,E/Dortmund 2005/1-0}) 7. Bh4 dxc4 $146 (7... Nbd7 8. e3 Be7 9.
Bd3 O-O 10. O-O c5 11. cxd5 Nxd5 12. Bg3 Nb4 13. Bc4 cxd4 14. exd4 Nb6 15. Bb3
Bd7 16. Ne5 Rc8 17. Qg4 N4d5 18. Bxd5 exd5 19. Nxd7 Nxd7 20. Nxd5 Nf6 21. Nxe7+
Qxe7 22. Qf3 {Lautier,J-Piket,J/Monte Carlo 1996/1/2-1/2}) (7... Bb4 8. Qb3 a5
9. e3 Na6 10. Rd1 Be7 11. Be2 Nb4 12. O-O O-O 13. Ne5 Nd7 14. Bg3 Nxe5 15. Bxe5
b6 16. e4 Ba6 17. Rfe1 Rc8 18. Bf1 Bg5 19. h3 dxc4 20. Bxc4 Bxc4 21. Qxc4 Qd7
22. Na2 {Gavrikov,V-Huebner,R/1993/GER-chT/1/2-1/2}) 8. e3 b5 9. axb5 cxb5 10.
Bxf6 gxf6 11. Nxb5 axb5 {Nutzt die Fesselung aus.} 12. Rxa8 Bb4+ 13. Ke2 Bb7
14. Ra1 f5 (14... Bd5 15. Ne1 $16) 15. Ne5 (15. b3 Nc6 16. g3 $11) 15... Rg8
$11 16. f4 Nc6 (16... Bxg2 $4 17. Rg1 Bxf1+ 18. Kxf1 Rxg1+ 19. Kxg1 $18) 17.
Nf3 Na5 18. Kf2 Nb3 19. Ra7 Be4 20. Ra2 (20. g3 $142 $5 Qb6 21. Ra2 $16) 20...
e5 $11 21. fxe5 f4 22. Be2 fxe3+ 23. Kxe3 Qd5 24. g3 Nxd4 25. Nxd4 $2 (25. Qxd4
{Hinlenkung nach d4} Bc5 {Motiv: Fesselung}) 25... Bxh1 $19 26. Bf3 Qxe5+ 27.
Kf2 Bc5 28. Bxh1 Bxd4+ 29. Kf1 Rg5 (29... Bxb2 $4 30. Ra8+ Ke7 31. Rxg8 Qf6+
32. Bf3 $18) 30. Bf3 Kf8 (30... Bxb2 31. Ra8+ Ke7 32. Qd8+ Ke6 33. Ra7 Rh5 34.
Qd7+ Kf6 35. Qxf7+ Kg5 36. Qxh5+ Kf6 37. Qxh6+ Kf5 38. g4#) 31. Kg2 Qe3 (31...
Bxb2 32. Ra8+ Kg7 33. Qd8 $19) 32. Kh3 Kg7 (32... Qf2 $142 $5 33. Qe2 Qxe2 34.
Bxe2 $19) 33. b3 cxb3 34. Ra3 b4 35. Rxb3 Bc3 36. Qe2 Qc5 37. Qd3 Qc8+ 38. Kg2
Ra5 39. Qc2 Qe6 40. Qb1 $4 (40. Kh1 $142 $19) 40... Ra1 41. Qc2 Bd4 42. Bd1 (
42. Rxb4 $4 Rg1#) 42... Qe1 43. Bf3 (43. Qe2 Qxd1 44. Qxd1 Rxd1 45. Rxb4 Rd2+
46. Kh1 $19) 43... Qf1# 0-1

[Event "Corus "]
[Site "Wijk aan Zee"]
[Date "2006.01.15"]
[Round "1"]
[White "Smeets, Jan"]
[Black "Carlsen, Magnus"]
[Result "0-1"]
[WhiteElo "2550"]
[BlackElo "2625"]
[PlyCount "86"]
[EventDate "2006.??.??"]
[WhiteTeamCountry "RUS"]
[BlackTeamCountry "CHN"]

1. e4 c5 2. Nf3 Nc6 3. d4 cxd4 4. Nxd4 Nf6 5. Nc3 e5 {
B33: Sizilianisch-Sweschnikow-Variante} 6. Ndb5 d6 7. Bg5 a6 8. Na3 b5 9. Nd5
Be7 10. Bxf6 Bxf6 11. c3 Bg5 12. Nc2 Ne7 13. Ncb4 (13. h4 Bh6 14. a4 bxa4 15.
Ncb4 Bd7 16. Rxa4 Nxd5 17. Nxd5 Bxa4 18. Qxa4+ Kf8 19. b4 a5 20. b5 Rb8 21. g3
g6 22. Bh3 Kg7 23. O-O Rf8 24. Ra1 Kh8 25. Qxa5 Qe8 26. c4 f5 27. Qc7 Qf7 {
Karjakin,S-Radjabov,T/Warsaw 2005/1-0}) 13... O-O 14. a4 bxa4 15. Rxa4 $146 (
15. Qxa4 a5 16. Bb5 Nxd5 17. Nxd5 Be6 18. Bc6 Rb8 19. Ra2 Qc8 20. O-O Bd8 21.
b4 Kh8 22. Rd2 Qa6 23. b5 Qa7 24. Qa3 Bxd5 25. Qxd6 Be7 26. Qxd5 Rfd8 27. Qa2
Rxd2 28. Qxd2 a4 29. Qa2 a3 {Kamsky,G-Carlsen,M/Khanty Mansyisk RUS 2005/1-0})
15... a5 16. Nxe7+ Qxe7 17. Bc4 Bd7 18. Nd5 Qe8 19. Ra2 Bd8 20. O-O Rc8 21. Bb3
Rb8 22. Qc2 Kh8 23. Rfa1 {Greift den Isolani a5 an} (23. Ne3 $5 $14) 23... f5
$15 24. Ba4 Bxa4 25. Rxa4 fxe4 26. R4a2 Qf7 27. c4 Rb3 28. Re1 Bh4 29. g3 Rf3
30. b3 Bd8 31. Rxe4 h5 (31... Bg5 32. Re2 Bd8 33. Qb1 $15) 32. Re2 h4 33. Rb2
g6 34. Kg2 $4 (34. Rb1 $142 $11) 34... hxg3 $19 35. hxg3 (35. Qe4 gxf2 36. Kf1
$19) 35... Rxg3+ $3 36. Kf1 (36. Kxg3 {Motiv: Hinlenkung-> g3} Qf3+ 37. Kh2 Kg7
38. Kg1 Rh8 $19) 36... Qf3 (36... Qh7 $142 37. Qe4 Qh2 $19) 37. Qe4 Qh5 38. Ne3
Bg5 (38... Qh3+ $142 39. Ke1 Rxf2 $19) 39. Ke1 Rgf3 40. Nf1 Bc1 41. Ra2 Rxb3
42. Ng3 $2 (42. Rxa5 Ba3 43. Kd1 Qg5 $19) 42... Qh6 43. Qg4 (43. Kd1 Rfb8 44.
Rxa5 $19) 43... Rxg3 (43... Rxg3 44. Kd1 Rxg4 45. Rad2 Bxd2 46. f4 Qh1+ 47.
Kxd2 Rfxf4 48. Re3 Rxc4 49. Rc3 Qh2+ 50. Kd3 Rcd4+ 51. Ke3 Rg3#) 0-1